Tres estudios sobre literatura catalana. (Record no. 146723)

MARC details
000 -LEADER
campo de control de longitud fija 00760nam a2200205 i 4500
001 - NÚMERO DE CONTROL
campo de control 146723
003 - IDENTIFICADOR DE NÚMERO DE CONTROL
campo de control ES-MaACL
005 - FECHA Y HORA DE LA ÚLTIMA TRANSACCIÓN
campo de control 20230906201641.0
007 - CAMPO FIJO DE DESCRIPCIÓN FÍSICA--INFORMACIÓN GENERAL
campo de control de longitud fija t|
008 - DATOS DE LONGITUD FIJA--INFORMACIÓN GENERAL
campo de control de longitud fija 070917s1955 sp |||| | spa d
080 ## - NÚMERO DE LA CLASIFICACIÓN DECIMAL UNIVERSAL
Número de la Clasificación Decimal Universal 821.134.1.09
245 00 - MENCIÓN DEL TÍTULO
Título Tres estudios sobre literatura catalana.
260 ## - PUBLICACIÓN, DISTRIBUCIÓN, ETC.
Lugar de publicación, distribución, etc. Madrid :
Nombre del editor, distribuidor, etc. Rialp,
Fecha de publicación, distribución, etc. 1955.
300 ## - DESCRIPCIÓN FÍSICA
Extensión 169 p. ;
Dimensiones 19 cm.
505 8# - NOTA DE CONTENIDO CON FORMATO
Nota de contenido con formato Contiene: ;
Título La literatura catalana /
Mención de responsabilidad por Carlos Cardó. --
Título Una interpretación de Juan Maragall /
Mención de responsabilidad por José Romeu Figueras. --
Título La poesía catalana contemporánea /
Mención de responsabilidad por José Romeu Figueras
650 #4 - PUNTO DE ACCESO ADICIONAL DE MATERIA--TÉRMINO DE MATERIA
Término de materia o nombre geográfico como elemento de entrada Literatura catalana-
Subdivisión general Historia y crítica.
9 (RLIN) 14515
700 1# - ENTRADA AGREGADA--NOMBRE PERSONAL
Nombre de persona Cardó, Carles.
9 (RLIN) 35168
700 1# - ENTRADA AGREGADA--NOMBRE PERSONAL
Nombre de persona Romeu i Figueras, Josep.
9 (RLIN) 99462
852 ## - LOCALIZACIÓN
Ubicación ES-MaACL
Número de control de estantería C-10522
Holdings
Estatus retirado Estado de pérdida Estado de daño No para préstamo Biblioteca de origen Biblioteca actual Ubicación en estantería Fecha de adquisición Fuente de adquisición Total de préstamos Signatura topográfica completa Código de barras Visto por última vez Precio de reemplazo Tipo de ítem Koha
        Biblioteca del Ateneo de Madrid Biblioteca del Ateneo de Madrid Sala Palomar 17/01/2008     C-10522 1153132 23/02/2023 23/02/2023 Libro impreso